IPL Teams - Statistics

General Stats
  • This quiz has been taken 10 times
  • The average score is 6 of 7
Answer Stats
Hint Answer % Correct
MI Mumbai Indians
100%
KKR Kolkata Knight Riders
90%
RR Rajasthan Royals
90%
CSK Chennai Super Kings
80%
RCB Royal Challengers Bangalore
80%
SRH Sunrisers Hyderabad
80%
DD Delhi Daredevils
60%
No matching quizzes found
Score Distribution
Percent of People with Each Score
Percentile by Number Answered
Your Score History
You have not taken this quiz